| 000 | 01497 a2200217 4500 | ||
|---|---|---|---|
| 001 | 63953 | ||
| 005 | 20260521160827.0 | ||
| 008 | 260521a1967 arg spa d | ||
| 003 | AR-UNSa-BCEJYS | ||
| 040 |
_aAR-UNSa-BCEJYS _bspa _cAR-UNSa-BCEJYS |
||
| 080 |
_a658.5.012.7 _xControl de la producción |
||
| 245 | 1 | 0 | _aLas modernas técnicas de control de gestión |
| 264 | 1 |
_aBilbao : _bEdiciones Deusto _c1967 |
|
| 300 |
_a344 p. _c21 cm. |
||
| 505 | _a1. Las finalidades del control de gestión - 2. Principios y métodos del control de gestión - 3. Los instrumentos del control de gestión - 4. La organización de la empresa en función del control de gestión - 5. La implantación de la contabilidad en función del control de gestión - 6. Un sistema de índices empresariales y su utilización para los fines de la empresa - 7. Un caso práctico de aplicación de los principios y técnicas del control de gestión en una pequeña empresa - 8. Caso práctico de aplicación de los principios y técnicas del control de gestión en una pequeña empresa de tipo medio, con especial atención a los presupuestos de ventas, producción y existencias - 9. Presupuestos de inversiones y presupuestos financieros - 10. Técnicas modernas para la previsión, el control y el análisis de las desviaciones - | ||
| 041 | _aspa | ||
| 942 | _cBK | ||
| 590 | _aniveau_biblio:m niveau_hierar:0 | ||
| 100 | 1 | _aInstituto de Estudios Económicos y Organizativos (ISEO) | |
| 700 | 1 | _aSan Juan, Gregorio | |
| 999 |
_c36431 _d36431 |
||